000 01079nam a22001937a 4500
999 _c63229
_d63229
003 Ge_BSU
005 20250702104619.0
008 250702s1970 ge ||||| |||| 00| 0 geo d
041 _ageo
080 _a329.150.5:35.078.3 მ-71
100 _aმირცხულავა, ალექსი
_925594
245 _aკონტროლი და შესრულების შემოწმება ხელმძღვანელობის ლენინური სტილის განუყრელი, შემადგენელი ნაწილია /
_cალექსი მირცხულავა.
264 _aთბილისი :
_bსაქ. კპ ცკ-ის გამ-ბა,
_c1970.
300 _a101 გვ. ;
_b 20 სმ.
653 _aპარტიული მშენებლობის საკითხები
653 _aპარტიული ხელმძღვანელობა.
653 _aსაზოგადოებრივი კონტროლი.
942 _2udc
_cᲬᲘᲒᲜᲘ